000
00248nam a22001217a 4500
008
181101b xxu||||| |||| 00| 0 eng d
041
_a
eng
080
_a
574
100
_a
9
101
_a
MJE
245
_a
Plant Disease
_c
May, C
942
_2
udc
_c
BK
999
_c
51541
_d
51541